Statistics for Every Daryl Hall and John Oates song that hit the Billboard hot 100

Click here to take the quiz!

General Stats

  • This quiz has been taken 38 times
  • The average score is 10 of 34

Answer Stats

Peak Chart PositionYearSong% Correct
11982Maneater
94%
11981Private Eyes
86%
11977Rich Girl
74%
11982I Can't Go For That (No Can Do)
71%
11984Out Of Touch
69%
41976Sara Smile
66%
11981Kiss On My List
60%
51981You Make My Dreams
54%
51985Method Of Modern Love
43%
71976She's Gone
43%
61983Family Man
40%
71983One On One
34%
21983Say It Isn't So
34%
81984Adult Education
31%
31988Everything Your Heart Desires
26%
91982Did It In A Minute
20%
301985Possession Obsession
17%
111990So Close
17%
411991Don't Hold Back Your Love
14%
121980You've Lost That Lovin' Feeling
14%
201985The Way You Do The Things You Do/My Girl
11%
181995Some Things Are Better Left Unsaid
11%
181980Wait For Me
11%
291988Missed Opportunity
9%
331982Your Imagination
9%
201978It's A Laugh
6%
281977Back Together Again
6%
291980How Does It Feel To Be Back
6%
391976Do What You Want, Be What You Are
6%
731977Why Do Lovers (Break Each Other's Heart?)
6%
311988Downtown Life
3%
421979I Don't Wanna Lose You
3%
801977It's Uncanny
3%
972005I'll Be Around
3%

Score Distribution

Percentile by Number Answered

Percent of People with Each Score

Your Score History

You have not taken this quiz